Normal view
MARC view
Entry Personal Name
001 - CONTROL NUMBER
- control field: 539946
003 - CONTROL NUMBER IDENTIFIER
- control field: OSt
005 - DATE AND TIME OF LATEST TRANSACTION
- control field: 20220930080827.0
008 - FIXED-LENGTH DATA ELEMENTS
- fixed length control field: 220930|| aca||aabn | a|a d
040 ## - CATALOGING SOURCE
- Original cataloging agency: OSt
- Transcribing agency: OSt
100 ## - HEADING--PERSONAL NAME
- Personal name: Monisha Pradhan
670 ## - SOURCE DATA FOUND
- Source citation: Work cat.: (OSt)870492: Monisha Pradhan, To study the effect of blood sugar temperature and time on blood alcohol concentration in autopsy blood sample, 2007
